| 000 | 01006nas a2200313 4500 | ||
|---|---|---|---|
| 001 | BR0301485 | ||
| 003 | BR-BrBNA | ||
| 005 | 20231205103635.0 | ||
| 007 | ta | ||
| 008 | 230509b bl.|||p| |||| 00| 00por d | ||
| 040 |
_aBR-BrBNA _bpor _cBiblioteca Nacional de Agricultura |
||
| 041 | _a(Pt) | ||
| 072 | _aF62 | ||
| 100 | 1 | _aSato, A.Y. | |
| 100 | 1 | _aPinto, J.E.B.P. | |
| 100 | 1 | _aMorais, A.R. de | |
| 100 | 1 | _aLameira, O.A. | |
| 100 | 1 | _aCastro, N.E.A. de | |
| 245 | 1 | _aEfeito de diferentes níveis de nitrogênio, em presença ou ausência de benzilaminopurina, na multiplicação de gérbera (Gerbera sp.)de vaso | |
| 650 | _aGÉRBERA | ||
| 650 | _aNITROGÊNIO | ||
| 650 | _aCULTURA IN VITRO | ||
| 650 | _aMORFOGÊNESE | ||
| 650 | _aREGULADOR DE CRESCIMENTO | ||
| 650 | _aPROPAGAÇÃO VEGETATIVA | ||
| 773 | 0 |
_tCiência e Agrotecnologia (Brazil) _xISSN 1413-7054 _g(Sep-Oct 2001), v. 25(5) p. 1071-1078 _wBR0301485 |
|
| 909 |
_a202311 _bLúcia _c55 _dLúcia Elande |
||
| 942 |
_2AGRIS _n0 _cANA |
||
| 999 |
_c173956 _d173956 |
||